000 00559nam a2200205Ia 4500
005 20250923144752.0
008 008 250917s9999 xx 000 0 eng d
037 _aTextual
040 _aDSWL
_beng
_cDSWL
041 _aeng
_2eng
084 _aS8:Y1:4, K1
_qDSWL
100 _aKlein, Josephine
_9828231
245 0 _aWorking with groups
_cby Josephine Klein
260 _aLondon
_bHutchinson& Co.
_c1961
300 _a240p.
365 _aINR
_b35
925 _g35
942 _cTEXL
_hS8:Y1:4, K1
999 _c1443120
_d1443120